| 000 | 01154cam a2200241 4500 | ||
|---|---|---|---|
| 001 | 5232 | ||
| 005 | 20181127175046.0 | ||
| 008 | 111127s2012 nyu d b 001 0 eng d | ||
| 010 | _a 2012498145 | ||
| 020 | _a0385739761 | ||
| 020 | _a9780099564324 | ||
| 100 | 1 | _aAslan, Reza. | |
| 245 | 1 | 0 |
_aNo god but God : _bthe origins and evolution of Islam / _cReza Aslan. |
| 250 | _a1st Ember ed. | ||
| 260 |
_aLondon : _barrow books, _c2011. |
||
| 300 |
_a338 p. ; _c21 cm. |
||
| 500 | _a""This work is based upon No god but God: The origins, evolution, and future of Islam by Reza Aslan, published by Random House, an imprint of the Random House Publishing Group, a division of Random House, Inc., New York, in 2005"" -- t.p. verso. | ||
| 504 | _aIncludes bibliographical references and index. | ||
| 505 | 0 | _aReligion in pre-Islamic Arabia -- The world into which Muhammad was born -- Muhammad in Mecca -- Muhammad in Medina -- After Muhammad -- The meaning of jihad: definition and origin -- Muslim-Jewish relations -- Women in Islam -- The future of Islam. | |
| 650 | 0 |
_aIslam _xEssence, genius, nature. |
|
| 650 | 0 |
_aIslam _xHistory. |
|
| 650 | 0 | _aIslam. | |
| 999 |
_c4390 _d4390 |
||